1067 1195 1554 1801 1998 1604 1542 1218 1086 1494 1369 1981 1119 1083 1446 1270 1164 1440 1379 1176 1298 1135 1864 1885 1107 1257 1919 1337 1115 1402 1882 1075 1138 1764 1756 1894 1720 1895 1382 1534 1159 1967 1029 1115 1725 1707 1189 1652 1298 1846 1356 1108 1769 1660 1783 1641 1987 1019 1913 1159 1652 1244 1649 1170 1312 1001 1756 1744 1112 1676 1599 1838 1926 1600 1992 1475 1627 1486 1615 1222 1672 1595 1333 1953 1744 1341 1946 1927 1036 1709 1287 1672 1904 1188 1814 1446 1634 1914 1380 BCNSPRNW ULIB Ver.6.0+V

เปลี่ยนเป็นภาษาไทย

Change to English
 แสดงรายละเอียดบรรณานุกรม
  กลับหน้าหลัก

Brief Record : Get Marc (ISO 2709) : E-mail record : QR code < ปิดหน้าต่าง
สารบัญ Review โดย ไม่พบชื่อเจ้าหน้าที่ห้องสมุด kamol เมื่อ3/ตุลาคม/2557
1  Pediatric Critical Care : Year in Review
2  A Challenge in Management of Children with Shock/Stpic Shock
3  Protocol - Based Fluid Therapy and Pharmacologic Treatment 
    in Septic Shock
4  How to Optimize Cardiac Output by using Noninvasive 
    Hemodynamic Monitoring
5  Lactate, Scv and Sepsis Biomarkers : When & How ?
6  Near - drowning : Overview
7  Drowning : Pathophysiologic - Directed Management
8  New Berlin Deffinition of ARDS : What is the implication?
9  ARDS : Initial Resuscitation and Stabilization
10  Early Recognition and Management of Acute Kidney Injury
11  Multidisciplinary Approach of Acute Kidnew Injury
12  Acute Life - Threatening Cardiac Coundition : Etiologic Approach
13  Acute Life - threatening Cardiac Events Bedside Assessment for 
     Cardiovascular System
14  Management of Acute Life - threatening Cardiac Condition
15  The Use of Bedside Ultrasound in PICU
16  Noninvasive Positive Pressure Ventilation
17  Management of Severe Asthma : Problems in Clinical Practice
18  Choice of Fluids for Shock Resuscitation : Crystalloids
19  Choice of Fluids for Shock Resuscitation : Colloids
20  Evidence Based Fluid Therapy in Shock
21  Palliative Care in The ICU Setting : Basic Concepts
22  Ventilator - Associated Pneumonia
23  Catheter - Related Bloodstream Infection
24  Catheter - Associated Urinary Tract Infection
25  Recruitment Maneuvers for Acute Respiratory Distress Syndrome

LEADER : 00000nam 2200000uu 4500
001    13399123532
003     ULIB
008    141003s2556||||th 000 0 tha d
020    ^a9786169161516
060  4 ^aWS280 ^bด764I
100 0  ^aดุสิต สถาวร
245 10 ^aInterdisciplinary Approach in Pediatric Critical Care/^cบรรณาธิการ,ดุสิต สถาวร... [และคนอื่นๆ].
250    ^aพิมพ์ครั้งที่ 1.
260    ^aกรุงเทพฯ :^bชมรมโรคระบบหายใจและเวชบำบัดวิกฤตในเด็กแห่งประเทศไทย,^c2556.
300    ^a240หน้า :^bภาพประกอบ ;^c26 ซม.
650  7 ^aทางเดินหายใจ^xโรค^xในวัยทารกและเด็ก^xการรักษา
650  7 ^aภาวะฉุกเฉิน^xในวัยทารกและเด็ก
650  7 ^aการดูแลขั้นวิกฤต^xในวัยทารกและเด็ก
650  7 ^acritical care
700 0  ^aจิตลัดดา ดีโรจนวงศ์,^eบรรณาธิการ
700 0  ^aนวลจันทร์ ปราบพาล,^eบรรณาธิการ
710 1  ^aชมรมโรคระบบหายใจและเวชบำบัดวิกฤตในเด็กแห่งประเทศไทย
945    ^p300^l0^i036092
945    ^p300^l0^i036093
945    ^p300^l0^i036094
945    ^p300^l0^i036095
945    ^p300^l0^i036096
945    ^p300^l0^i036097
945    ^p300^l0^i036098
945    ^p300^l0^i039340
999    ^aกมลทิพย์ ธนสารสุธี
รายการนี้ยังไม่มีแท็ก
คุณยังไม่ได้ล็อกอิน คุณสามารถมีกิจกรรมร่วมกับเว็บไซต์ได้ แต่ต้องล็อกอินก่อน ::
  ล็อกอิน

รายการสื่อสารสนเทศ

ลำดับที่ ประเภท เลขเรียก/บาร์โค้ด สถานที่ สถานะ
1. วิทยาศาสตร์การแพทย์ และสุขภาพ
หนังสือสำรอง
สถานะ=หนังสือสำรอง
WS280 ด764I ฉ.1 
  Barcode: 036092
ห้องสมุดวิทยาเขตสวรรค์ประชารักษ์
►ส่วนจัดเก็บหนังสือเก่า สปร
บนชั้น
  ขอยืม
2. วิทยาศาสตร์การแพทย์ และสุขภาพ
วิทยาศาสตร์การแพทย์ และสุขภาพ
WS280 ด764I ฉ.3 
  Barcode: 036094
ห้องสมุดวิทยาเขตสวรรค์ประชารักษ์
►ส่วนจัดเก็บหนังสือเก่า สปร
บนชั้น
  ขอยืม
3. วิทยาศาสตร์การแพทย์ และสุขภาพ
วิทยาศาสตร์การแพทย์ และสุขภาพ
WS280 ด764I ฉ.4 
  Barcode: 036095
ห้องสมุดวิทยาเขตสวรรค์ประชารักษ์
►ส่วนจัดเก็บหนังสือเก่า สปร
บนชั้น
  ขอยืม
4. วิทยาศาสตร์การแพทย์ และสุขภาพ
วิทยาศาสตร์การแพทย์ และสุขภาพ
WS280 ด764I ฉ.5 
  Barcode: 036096
ห้องสมุดวิทยาเขตสวรรค์ประชารักษ์
►ส่วนจัดเก็บหนังสือเก่า สปร
บนชั้น
  ขอยืม
5. วิทยาศาสตร์การแพทย์ และสุขภาพ
วิทยาศาสตร์การแพทย์ และสุขภาพ
WS280 ด764I ฉ.6 
  Barcode: 036097
ห้องสมุดวิทยาเขตสวรรค์ประชารักษ์
►ส่วนจัดเก็บหนังสือเก่า สปร
บนชั้น
  ขอยืม
6. วิทยาศาสตร์การแพทย์ และสุขภาพ
วิทยาศาสตร์การแพทย์ และสุขภาพ
WS280 ด764I ฉ.7 
  Barcode: 036098
ห้องสมุดวิทยาเขตสวรรค์ประชารักษ์
►ส่วนจัดเก็บหนังสือเก่า สปร
บนชั้น
  ขอยืม
7. วิทยาศาสตร์การแพทย์ และสุขภาพ
วิทยาศาสตร์การแพทย์ และสุขภาพ
WS280 ด764I ฉ.8 
  Barcode: 039340
ห้องสมุดวิทยาเขตสวรรค์ประชารักษ์
►ส่วนจัดเก็บหนังสือเก่า สปร
บนชั้น
  ขอยืม

รายการใกล้เคียง
    ผู้แต่ง [ดุสิต สถาวร]

    หัวเรื่อง [critical care]

BibComment


ยังไม่เคยถูกคอมเมนท์

คอมเมนท์ทรัพยากรรายการนี้
  คอมเมนท์: Interdisciplinar..


 Copyright 2026. Bcnsprnw @Library